000 01503nam a2200349 c 4500
003 BLK
005 20180421000159.0
008 180411b bul|||||r ||||||| ||bul||
010 _aKNG00192034000
040 _aBLK
041 _aBUL
_cBUL
080 _aХидротерапия (водотерапия). Балнеолечение. Курортотерапия - Лечение с бани, горещи бани, сауна, хладни бани, речно къпане, влажни фрикции, компреси, с "жива вода"(алкално активирана, с ph 9, 6;курорт
_b615.838
_x
_z615.838
100 1 _aДилов, Данаил
_eпърви автор
_9343111
139 _aДилов, Данаил
_bД 55
245 1 0 _aПавел баня, Старозагорско
_cДанаил Дилов.
250 _a3. изд.
257 _aBGR
260 София
_bМедицина и физкултура
_c1976
_fПловдив: печ. Д. Благоев
300 _a44 с.
_bс ил.
_c17 см
380 _a61
490 1 _aНаши курорти
500 _a1. изд. 1962. - 20 101 тир.
650 4 _aБалнеотерапия - България
_9246845
651 4 _aПавел баня
_9179323
653 _aПавел баня
653 _aбалнеолечение
852 _aЦб І 15070
856 4 _qpdf
_u
856 4 _qpdf
_u
942 _cKNG
_n0
944 _aCR
_c07.10.2016
_kПравда_Бадева
944 _aED
_c07.10.2016
_kПравда_Бадева
999 _c183108
_d183108